=LDR 00000nam 2200000 4500 =001 INLIS000000000035248 =005 20130612141124 =008 ***********************************ind** =035 ##$$0010-061300000035248 =041 ##$$a ind =082 ##$$a 410 =090 ##$$a 410, Suh,p =100 ##$$a Suhardi, Basuki =245 ##$$a Pedoman Pengetahuan Soiolinguistik, Basuki Suhardi =260 ##$$a 2009 $b Jakarta =300 ##$$a viii,72 hlm., Illus, 27 cm =650 ##$$a Sosialinguistik =850 ##$$a NBPNMAT